[Event "TCh-AUT 2 Mitte 2011-12"]
[Site "St Valentin AUT"]
[Date "2011.10.22"]
[Round "2"]
[White "Moser,E"]
[Black "Kozul,Z"]
[Result "0-1"]
[WhiteElo "2432"]
[BlackElo "2541"]

1.g3 d5 2.Nf3 g6 3.c4 c6 4.Bg2 Bg7 5.Qa4 e6 6.O-O Ne7 7.d4 Nd7 8.Qc2 O-O
9.Nc3 dxc4 10.e4 c5 11.Be3 cxd4 12.Nxd4 a6 13.Rad1 Qc7 14.f4 Nf6 15.h3 b5
16.a4 b4 17.Na2 Rb8 18.Rc1 Bb7 19.Qxc4 Qxc4 20.Rxc4 Bxe4 21.Bxe4 Nxe4 22.Nxe6 Nd6
23.Rc7 fxe6 24.Rxe7 Nf5  0-1

[Event "33rd Arco Open"]
[Site "Arco ITA"]
[Date "2011.10.23"]
[Round "2"]
[White "Morselli,S"]
[Black "Astengo,C"]
[Result "0-1"]
[WhiteElo "1909"]
[BlackElo "2086"]

1.Nf3 d5 2.g3 Nf6 3.Bg2 c5 4.d3 Nc6 5.O-O e6 6.Nbd2 b6 7.Re1 Bb7 8.e4 Qc7
9.exd5 Nxd5 10.Nc4 Be7 11.Nce5 Nxe5 12.Nxe5 O-O 13.c3 Rad8 14.Qa4 a6 15.Qe4 Ba8
16.Qa4 Bb7 17.Qe4 Rb8 18.Nxf7 Rxf7 19.Qxe6 Rd8 20.Qe4 Rd7 21.Bh3 Nf6 22.Qe2 Qc6
23.f3 Qxf3 24.Qxf3 Bxf3 25.Bxd7 Nxd7 26.Bf4 Nf6 27.Re3 Bg4 28.c4 Nd7 29.Rae1 Bf6
30.Re8+ Nf8 31.Rb8 g5 32.Bd6 Bd4+  0-1

[Event "33rd Arco Open"]
[Site "Arco ITA"]
[Date "2011.10.23"]
[Round "2"]
[White "Roessner,U"]
[Black "Savarese,V"]
[Result "1-0"]
[WhiteElo "1909"]
[BlackElo "1805"]

1.Nf3 d5 2.g3 Nf6 3.Bg2 c6 4.b3 Nbd7 5.Bb2 Qc7 6.d3 e5 7.Nbd2 Bd6 8.c4 O-O
9.O-O a5 10.cxd5 cxd5 11.Rc1 Qb8 12.Rc2 b5 13.Qa1 Bb7 14.Rfc1 Rc8 15.Rxc8+ Bxc8
16.Nh4 Nf8 17.Ndf3 N6d7 18.Nf5 g6 19.Rxc8 Qxc8 20.Nxd6 Qc6 21.Nf5 Rc8  1-0

[Event "76th ch-ESP"]
[Site "Arenal d'en Castell ESP"]
[Date "2011.10.23"]
[Round "9.10"]
[White "Vila Dupla,A"]
[Black "Mascaro March,P"]
[Result "0-1"]
[WhiteElo "2191"]
[BlackElo "2391"]

1.Nf3 d5 2.g3 c6 3.Bg2 Nf6 4.O-O Bf5 5.b3 h6 6.Bb2 e6 7.d3 Be7 8.Nbd2 O-O
9.e3 Nbd7 10.Qe2 Qc7 11.h3 Bh7 12.Rac1 Rfd8 13.Rfd1 a5 14.a3 b5 15.e4 Nc5
16.exd5 cxd5 17.d4 Nce4 18.Qxb5 Nc3 19.Bxc3 Qxc3 20.Qb7 Bxa3 21.Ne5 Bxc1
22.Qxf7+ Kh8 23.Qxe6 Rf8 24.Ndf3 Qxc2  0-1

[Event "TCh-BEL 2011-12"]
[Site "Belgium BEL"]
[Date "2011.10.23"]
[Round "2.7"]
[White "Mroczek,M"]
[Black "Kartsev,A2"]
[Result "0-1"]
[WhiteElo "2143"]
[BlackElo "2174"]

1.Nf3 d5 2.g3 Nf6 3.Bg2 Bg4 4.c4 c6 5.cxd5 Bxf3 6.Bxf3 cxd5 7.Qb3 Qd7 8.Nc3 e6
9.d3 Nc6 10.Qa4 Be7 11.O-O O-O 12.Bg2 a6 13.e4 b5 14.Qd1 d4 15.Ne2 Rac8 16.Bg5 h6
17.Bxf6 Bxf6 18.Rc1 Rc7 19.f4 Rfc8 20.Qd2 Be7 21.e5 Bb4 22.Qd1 Ne7 23.a3 Ba5
24.Be4 Rxc1 25.Nxc1 Nd5 26.Bxd5 Qxd5 27.Ne2 Qa2 28.Qb1 Qb3 29.Nc1 Qc2 30.Qxc2 Rxc2
31.Nb3 Bd2 32.Rb1 Be3+ 33.Kh1 h5 34.h3 g6 35.Na5 Rd2 36.Nc6 Rxd3 37.Kg2 h4
38.Nb4 Rd2+ 39.Kf3 Rf2+ 40.Kg4 hxg3 41.Kxg3 Rxf4 42.Nxa6 Re4 43.Rd1 Rxe5  0-1

[Event "TCh-BEL 2011-12"]
[Site "Belgium BEL"]
[Date "2011.10.23"]
[Round "2.6"]
[White "Kern,G"]
[Black "Hautot,S"]
[Result "1/2-1/2"]
[WhiteElo "2355"]
[BlackElo "2405"]

1.Nf3 d5 2.g3 Nf6 3.Bg2 c6 4.O-O Bf5 5.c4 e6 6.cxd5 exd5 7.d3 Be7 8.Nc3 O-O
9.Qc2 h6 10.e4 Bh7 11.Bf4 Na6 12.a3 Nc5 13.Rad1 Re8 14.Nd4 Ne6 15.Nxe6 fxe6
16.Rfe1 Bf8 17.h3 Bg6 18.g4 Rc8 19.Qb3 b5 20.Bg3 Qb6 21.Kh1 Bf7 22.e5 Nd7
23.f4 a5 24.d4 b4 25.Na4 Qb5 26.Bf1 Qb8 27.Qf3 c5 28.dxc5 Nxc5 29.Nxc5 Rxc5
30.Bd3 bxa3 31.bxa3 Rec8 32.f5 Rc3 33.g5 hxg5 34.fxe6 Bxe6 35.Qh5 Rxd3 36.Rxd3 Bf5
37.e6 Be4+ 38.Rxe4 Qb1+ 39.Re1 Qxd3 40.Qf7+ Kh7 41.Qh5+ Kg8 42.Qf7+ Kh7  1/2-1/2

[Event "TCh-SUI 2011"]
[Site "Lausanne SUI"]
[Date "2011.10.23"]
[Round "9.2"]
[White "Hickl,J"]
[Black "Domont,A"]
[Result "1-0"]
[WhiteElo "2572"]
[BlackElo "2364"]

1.g3 d5 2.Nf3 c6 3.Bg2 Bg4 4.b3 Nd7 5.Bb2 e6 6.d3 Ngf6 7.O-O Bd6 8.Nbd2 O-O
9.c4 Re8 10.Qc2 Qb6 11.Rac1 Qa6 12.a3 Rac8 13.e4 dxe4 14.dxe4 e5 15.Nh4 Bc5
16.h3 Be6 17.Ndf3 b5 18.b4 Bb6 19.c5 Bc7 20.Rfe1 Rcd8 21.Nd2 g6 22.Nhf3 Qc8
23.Nf1 a5 24.Ng5 Nf8 25.Bc3 a4 26.Qb2 h6 27.Nf3 Bxh3 28.Nxe5 Bxg2 29.Kxg2 Bxe5
30.Bxe5 Nh5 31.Bd6 Nh7 32.f3 Ng5 33.g4 Rxd6 34.cxd6 Nf4+ 35.Kg3 Nh5+ 36.Kf2 Nh3+
37.Ke3 Qd8 38.gxh5 Qg5+ 39.Kd3  1-0

[Event "29th Muensterland Open"]
[Site "Senden GER"]
[Date "2011.10.23"]
[Round "4.1"]
[White "Podzielny,KH"]
[Black "Landa,K"]
[Result "0-1"]
[WhiteElo "2470"]
[BlackElo "2639"]

1.Nf3 d5 2.g3 g6 3.Bg2 Bg7 4.O-O e5 5.d3 Ne7 6.e4 O-O 7.Nbd2 Nbc6 8.Re1 h6
9.c3 a5 10.a4 Be6 11.b3 d4 12.cxd4 Nxd4 13.Ba3 Re8 14.Nxd4 Qxd4 15.Nf3 Qd7
16.Rc1 Nc6 17.Rc3 Bg4 18.Qc1 Rac8 19.Bc5 b6 20.Be3 Nb4 21.Qb1 Red8 22.h4 c5
23.Nh2 Be6 24.h5 g5 25.Bf3 Rc6 26.Be2 Rd6 27.Rd1 f5 28.f3 f4 29.Bf2 fxg3
30.Bxg3 Qf7 31.Ng4 Nc6 32.Rf1 Qxh5 33.Kg2 Qg6 34.Rh1 h5 35.Ne3 Nd4 36.Bd1 Rf8
37.Qc1 h4  0-1

[Event "TCh-AUT 2 Mitte 2011-12"]
[Site "St Valentin AUT"]
[Date "2011.10.23"]
[Round "3"]
[White "Sandner,W"]
[Black "Schink,B"]
[Result "0-1"]
[WhiteElo "2238"]
[BlackElo "2069"]

1.Nf3 d5 2.g3 Nf6 3.Bg2 c6 4.d3 Bf5 5.O-O h6 6.Re1 Nbd7 7.Nbd2 e5 8.e4 dxe4
9.dxe4 Bg4 10.h3 Bxf3 11.Bxf3 Bc5 12.Nc4 O-O 13.Be3 Qc7 14.Bxc5 Nxc5 15.b4 Rfd8
16.Qe2 Ne6 17.c3 b5 18.Ne3 a5 19.a3 axb4 20.axb4 Rxa1 21.Rxa1 Ng5 22.Nf5 Nxh3+
23.Kg2 Ng5 24.Qe3 Qd7 25.Rd1 Qe8 26.Rd3 Kh7 27.Qd2 Rxd3 28.Qxd3 g6 29.Nh4 Qe6
30.Kg1 Kg7 31.Bg2 Qa2 32.f3 Qa1+ 33.Kf2 Qc1 34.Bf1 Nh5 35.c4 Nxg3 36.Kxg3 Qf4+
37.Kg2 Qxh4 38.cxb5 cxb5 39.Qe2 Nh3 40.Qd2 Nf4+  0-1

[Event "33rd Arco Open"]
[Site "Arco ITA"]
[Date "2011.10.24"]
[Round "3"]
[White "Valenti,G"]
[Black "Kasparov,S"]
[Result "0-1"]
[WhiteElo "2136"]
[BlackElo "2521"]

1.Nf3 d5 2.g3 Nf6 3.Bg2 c6 4.b3 Bf5 5.Bb2 h6 6.d3 e6 7.Nbd2 Nbd7 8.O-O Bh7
9.Re1 Be7 10.e4 O-O 11.Qe2 a5 12.a4 Nc5 13.Ne5 Na6 14.Ng4 Nb4 15.Rac1 Nxg4
16.Qxg4 Bf6 17.e5 Be7 18.Qe2 b5 19.Nf3 bxa4 20.bxa4 c5 21.Red1 Rb8 22.Ba1 Qd7
23.c3 Na6 24.Qa2 Rb6 25.Bf1 Rfb8 26.Nd2 Qc7 27.Re1 Bg5 28.f4 Be7 29.Rb1 c4
30.Rxb6 Qxb6+ 31.d4 Qc6 32.Be2 Nc7 33.Bd1 Na8 34.Bb2 Nb6 35.Bc1 Nd7 36.Bb2 Bd3
37.Bc1 Kh8 38.Kf2 Qb6 39.Bh5 Kg8 40.Bd1 f6 41.exf6 Nxf6 42.Bf3 Qc6 43.Bd1 Bf5
44.Bf3 Kf7 45.Kg1 Qb6 46.Kg2 Bd6 47.h3 h5 48.Re2 Bd3 49.Re1 h4 50.Bg4 Bf5
51.Bxf5 exf5 52.Nf3 Ne4 53.Nxh4 g6 54.Qe2 Qb3 55.Bd2 Qxa4 56.Nxf5 gxf5 57.Qh5+ Ke6
58.Qg6+ Kd7 59.Qxf5+ Kc6 60.Rxe4 Qc2  0-1

[Event "33rd Arco Open"]
[Site "Arco ITA"]
[Date "2011.10.24"]
[Round "3"]
[White "Giancotti,E"]
[Black "Hocke,Sebastian"]
[Result "1-0"]
[WhiteElo "2073"]
[BlackElo "1904"]

1.Nf3 d5 2.g3 Nf6 3.Bg2 c6 4.d4 Bg4 5.Ne5 Bf5 6.O-O Nbd7 7.c4 e6 8.Nd2 Nxe5
9.dxe5 Nd7 10.cxd5 exd5 11.Nf3 Be4 12.Bf4 Bxf3 13.Bxf3 g5 14.e6 gxf4 15.exd7+ Qxd7
16.Qd4 Rg8 17.Qxf4 O-O-O 18.b4 Bd6 19.Qd4 f5 20.b5 f4 21.Qxa7 Bb8 22.Qa8 fxg3
23.fxg3 Qc7 24.Bg2 Qb6+ 25.Kh1 Qxb5 26.Bh3+ Kc7 27.Rf7+ Kd6 28.Qa3+ c5 29.Raf1 Rg6
30.Qe3 Qe8 31.R1f6+ Rxf6 32.Rxf6+ Kc7 33.Qxc5+  1-0

[Event "World Youth U16 Ol"]
[Site "Kocaeli TUR"]
[Date "2011.10.24"]
[Round "1.2"]
[White "Fedoseev,Vl3"]
[Black "Chekh Adm Khedr,Aram"]
[Result "1-0"]
[WhiteElo "2523"]
[BlackElo "1891"]

1.Nf3 d5 2.g3 Nf6 3.Bg2 g6 4.b3 Bg7 5.Bb2 O-O 6.c4 c6 7.O-O Re8 8.Qc2 Nbd7
9.cxd5 cxd5 10.Rc1 e5 11.b4 Qb6 12.Qb3 Ng4 13.e3 e4 14.Bxg7 Kxg7 15.Nd4 Nde5
16.Nc3 Be6 17.Na4 Qd8 18.Nc5 Qf6 19.Rf1 Nf3+ 20.Bxf3 exf3 21.Rfc1 Ne5 22.Ncxe6+ fxe6
23.Rc7+ Re7 24.Rac1 Re8 25.Qa4 Nc4 26.Qxe8  1-0

[Event "26th Le Touquet Open"]
[Site "Le Touquet FRA"]
[Date "2011.10.24"]
[Round "4.4"]
[White "Safranska,A"]
[Black "Alcaraz Ortega,J"]
[Result "1/2-1/2"]
[WhiteElo "2274"]
[BlackElo "2333"]

1.Nf3 d5 2.g3 c6 3.Bg2 Bg4 4.O-O Nd7 5.d3 e5 6.e4 dxe4 7.dxe4 Ngf6 8.Nbd2 Bc5
9.Qe1 O-O 10.h3 Bh5 11.Nb3 Bb6 12.a4 a5 13.Nbd2 Qc7 14.Nc4 Bc5 15.Bd2 b6
16.Nh4 Ne8 17.Kh1 Nd6 18.Nxd6 Bxd6 19.Nf5 Bc5 20.f4 Rfe8 21.Ne3 exf4 22.gxf4 Nf6
23.e5 Nd5 24.Nxd5 cxd5 25.Bxd5 Qd7 26.Bg2 Qf5 27.Rc1 Rac8 28.Bc3 Bg6 29.Qg3 Red8
30.Rce1 Bd4 31.Bxd4 Rxd4 32.Qe3 Rcd8 33.Rf2 h5 34.b3 Kh7 35.Kh2 Rb4 36.Bf1 Rbd4
37.Bc4 h4  1/2-1/2

[Event "33rd Arco Open"]
[Site "Arco ITA"]
[Date "2011.10.25"]
[Round "4.64"]
[White "Schaberg,W"]
[Black "Galas,F"]
[Result "1/2-1/2"]
[WhiteElo "1880"]
[BlackElo "1749"]

1.Nf3 d5 2.g3 e6 3.Bg2 Nf6 4.d3 Be7 5.O-O c5 6.Nbd2 Nc6 7.Re1 Bd7 8.e4 dxe4
9.dxe4 h6 10.e5 Nh7 11.Ne4 Qc7 12.Nc3 Rd8 13.Qe2 O-O 14.Nb5 Qb8 15.a4 a6
16.Nc3 Nb4 17.b3 Bc6 18.Ba3 Nd5 19.Ne4 b6 20.Qxa6 Nc7 21.Qe2 Qb7 22.Nfd2 Ng5
23.f4 Nxe4 24.Nxe4 Rd7 25.Rad1 Rfd8 26.Rxd7 Rxd7 27.Bc1 Nd5 28.Rd1 Nxf4 29.gxf4 Rxd1+
30.Qxd1 Bxe4 31.Bxe4 Qxe4 32.c4 h5 33.Qd2 h4 34.Qe3 Qc2  1/2-1/2

[Event "World Youth U16 Ol"]
[Site "Kocaeli TUR"]
[Date "2011.10.25"]
[Round "2.10"]
[White "Gabuzyan,H"]
[Black "Abramciuc,Marius"]
[Result "1-0"]
[WhiteElo "2404"]
[BlackElo "2029"]

1.Nf3 d5 2.g3 e6 3.Bg2 f5 4.O-O Nf6 5.d3 c6 6.Nc3 c5 7.Bf4 Bd6 8.Bxd6 Qxd6
9.e4 dxe4 10.dxe4 Qxd1 11.Raxd1 fxe4 12.Ng5 O-O 13.Ngxe4 Nxe4 14.Nxe4 Nd7
15.Nd6 Nf6 16.Rfe1 Rb8 17.Nxc8 Rbxc8 18.Rxe6 b6 19.Bh3 Rc7 20.Bf1 Re8 21.Red6 Rce7
22.Kg2 Rf8 23.Bc4+ Kh8 24.Bb5 g6 25.f3 Kg7 26.h4 Re3 27.Rc6 Rf7 28.Bc4 Rfe7
29.Rdd6 Ne8 30.Rd8 Nf6 31.g4 Re8 32.Rdd6 Ng8 33.g5 R3e7 34.Re6 b5 35.Bd5 Rd8
36.Be4 Rxe6 37.Rxe6 Rd7 38.Rc6 c4 39.Rc5 a6 40.a4 bxa4 41.Rxc4 Rd6 42.Rxa4 Ne7
43.Bd3 Nd5 44.Kf2 Nc7 45.f4 h6 46.Kf3 hxg5 47.hxg5  1-0

[Event "6th Kavalier Open"]
[Site "Vienna AUT"]
[Date "2011.10.25"]
[Round "2"]
[White "Hirsch,Ad"]
[Black "Peichel,R"]
[Result "1-0"]
[WhiteElo "2065"]
[BlackElo "1908"]

1.Nf3 d5 2.g3 c5 3.Bg2 Nc6 4.d4 cxd4 5.Nxd4 e5 6.Nxc6 bxc6 7.O-O Nf6 8.c4 Bb7
9.Qa4 Qd7 10.cxd5 cxd5 11.Qxd7+ Nxd7 12.Nc3 Nb6 13.Be3 Bb4 14.Nb5 O-O 15.a3 Be7
16.Rac1 Nc4 17.Rxc4 dxc4 18.Bxb7 Rab8 19.Ba6 Rfd8 20.Bxa7 Ra8 21.Bb7 Rxa7
22.Nxa7 Rd7 23.Nc6 Rxb7 24.Nxe7+ Rxe7 25.Rc1 Rc7 26.Rc3 f6 27.b3 Ra7 28.bxc4 Kf7
29.Kg2 Ke6 30.c5 Kd7 31.c6+ Kc7 32.Kf3 Ra4 33.h4 h5 34.Ke3 Rg4 35.Kd3 Ra4
36.e3 e4+ 37.Kc2 g5 38.Kb3 Ra8 39.Rc5 Rb8+ 40.Kc3 gxh4 41.gxh4 Rb1 42.Kd4 Ra1
43.Kxe4 Rxa3 44.Kf5 Ra4 45.f4 Ra3 46.Kxf6 Rxe3 47.Kg5 Rf3 48.f5 Rf1 49.Kxh5 Rg1
50.f6 Rg8 51.f7 Rf8 52.Kg6 Kd6 53.Kg7 Kxc5 54.Kxf8 Kxc6 55.Ke7 Kc7 56.f8=Q Kb7
57.Kd6 Kb6 58.Qb8+ Ka5 59.Kc5  1-0

[Event "33rd Arco Open"]
[Site "Arco ITA"]
[Date "2011.10.26"]
[Round "5"]
[White "Morselli,S"]
[Black "Zahn,Alina"]
[Result "1-0"]
[WhiteElo "1909"]
[BlackElo "1640"]

1.Nf3 d5 2.g3 c6 3.Bg2 Bg4 4.O-O Nf6 5.d3 Nbd7 6.Nbd2 e5 7.h3 Bf5 8.c4 h6
9.Qb3 Nc5 10.Qc3 d4 11.Qc2 e4 12.dxe4 Ncxe4 13.Nh4 Nxd2 14.Qxd2 Be6 15.b3 Qd7
16.Kh2 O-O-O 17.Qa5 Kb8 18.Nf3 Bd6 19.Rd1 Bc7 20.Qe1 c5 21.b4 Bxc4 22.bxc5 Qe7
23.Qb4 Ba6 24.Nxd4 Kc8 25.Rb1 Nd5 26.Qb3 Qxc5 27.Ba3 Qc4 28.Qf3 Nb6 29.Rbc1 Qxa2
30.Rxc7+ Kxc7 31.Nb5+ Bxb5 32.Qxb7+  1-0

[Event "29th Muensterland Open"]
[Site "Senden GER"]
[Date "2011.10.26"]
[Round "7.5"]
[White "Peterwitz,K"]
[Black "Seegers,H"]
[Result "1/2-1/2"]
[WhiteElo "2100"]
[BlackElo "2213"]

1.Nf3 d5 2.g3 e6 3.Bg2 Nf6 4.O-O Be7 5.d4 O-O 6.c4 b6 7.Nc3 Bb7 8.Ne5 Nbd7
9.Qa4 c5 10.Nxd7 Nxd7 11.cxd5 cxd4 12.Qxd4 Bf6 13.Qd1  1/2-1/2

[Event "6th Kavalier Open"]
[Site "Vienna AUT"]
[Date "2011.10.26"]
[Round "3"]
[White "Sadilek,P"]
[Black "Hirsch,Ad"]
[Result "1/2-1/2"]
[WhiteElo "2235"]
[BlackElo "2065"]

1.Nf3 d5 2.g3 Nf6 3.Bg2 g6 4.c4 c6 5.b3 Bg7 6.Bb2 O-O 7.O-O b5 8.Qc2 Ba6
9.d3 Nbd7 10.Nbd2 Rb8 11.Rac1 Re8 12.Rfd1 Rc8 13.Qb1 Qb6 14.Qa1 Nh5 15.d4 bxc4
16.bxc4 Rb8 17.Bc3 dxc4 18.e4 Qc7 19.e5 Nb6 20.Bb4 Nd5 21.Bc5 c3 22.Ne4 Qa5
23.Nxc3 Bc4 24.Ne4 Qxa2 25.Qxa2 Bxa2 26.Bxa7 Rb7 27.Bc5 Reb8 28.Ra1 Rb1 29.Rdxb1 Rxb1+
30.Rxb1 Bxb1 31.Nfd2 Bd3 32.Nb3 Bf8 33.Na5 Bb5 34.Bh3 e6 35.Bf1 Ba4 36.Bxf8 Kxf8
37.Nd6 Ng7 38.Ba6 Ne8 39.Nxe8 Kxe8 40.Nc4 Nb4 41.Nd6+ Ke7 42.Be2 Bb3 43.Bf3 Bd5
44.Bd1  1/2-1/2

[Event "Banicky kahanec 2011"]
[Site "Zajezova SVK"]
[Date "2011.10.26"]
[Round "4"]
[White "Markos,J"]
[Black "Grabarczyk,M"]
[Result "1-0"]
[WhiteElo "2596"]
[BlackElo "2460"]

1.Nf3 d5 2.g3 Nf6 3.Bg2 c6 4.O-O Bg4 5.d3 Nbd7 6.h3 Bxf3 7.exf3 e6 8.f4 Bd6
9.Nd2 O-O 10.Nf3 e5 11.fxe5 Nxe5 12.Nd4 Bc7 13.b3 Qd7 14.Bb2 Rfe8 15.a4 a6
16.b4 a5 17.b5 c5 18.Nb3 Bb6 19.Re1 Qc7 20.c4 dxc4 21.Bxe5 Rxe5 22.dxc4 Rxe1+
23.Qxe1 Re8 24.Qc3 h5 25.h4 Ne4 26.Qd3 Nd6 27.Rd1 Rd8 28.Bd5 Ba7 29.Qg6 b6
30.Qxh5 Qe7 31.Nd2 Qf6 32.Nf3 g6 33.Qh6 Qg7 34.Qg5 Re8 35.Bc6 Re6 36.Qd8+ Qf8
37.Qxf8+ Kxf8 38.Ng5 Ke7 39.Nxe6 fxe6 40.g4 Bb8 41.g5 e5 42.Kg2 Ke6 43.f3  1-0

[Event "33rd Arco Open"]
[Site "Arco ITA"]
[Date "2011.10.27"]
[Round "6"]
[White "Roessner,U"]
[Black "Webel,Jannik"]
[Result "1/2-1/2"]
[WhiteElo "1909"]
[BlackElo "1776"]

1.Nf3 d5 2.g3 c6 3.Bg2 Bg4 4.b3 Nf6 5.Bb2 Nbd7 6.d3 e6 7.Nbd2 Bd6 8.O-O Qe7
9.c4 O-O 10.a3 e5 11.e4 d4 12.b4 c5 13.b5 b6 14.a4 Ne8 15.a5 Nc7 16.axb6 axb6
17.Qb3 Qd8 18.Nh4 g6 19.h3 Be6 20.Rxa8 Qxa8 21.f4 Qa5 22.Bc1 f6 23.f5 Bf7
24.fxg6 hxg6 25.Qd1 Ne6 26.Qg4 Kh7 27.Ndf3 Qa7 28.Nxg6 Bxg6 29.Qxe6 Qc7 30.Qg4 Qd8
31.Qh4+ Kg8 32.Qh6 Bh7 33.Nh4 Rf7 34.Nf5 Bxf5 35.Rxf5 Qf8 36.Qh4 Qg7 37.Bh6 Qg6
38.Bf3 Rh7 39.Rh5 Be7 40.Qg4 Qxg4 41.Bxg4 Nf8 42.Bf5 Rh8 43.Kg2 Kf7 44.Kf3  1/2-1/2

[Event "World Youth U16 Ol"]
[Site "Kocaeli TUR"]
[Date "2011.10.27"]
[Round "6.2"]
[White "Gabuzyan,H"]
[Black "Bajarani,U"]
[Result "1/2-1/2"]
[WhiteElo "2404"]
[BlackElo "2434"]

1.Nf3 d5 2.g3 g6 3.Bg2 Bg7 4.c4 c6 5.cxd5 cxd5 6.d4 Nf6 7.Nc3 O-O 8.Ne5 Nc6
9.O-O e6 10.f4 Nd7 11.Be3 f6 12.Nf3 Nb6 13.Bf2 Nc4 14.e4 Nxb2 15.Qc2 Nc4
16.exd5 exd5 17.Nxd5 Be6 18.Nc3 Bf5 19.Qe2 N6a5 20.Rfe1 Re8 21.Qf1 Be6 22.d5 Bf7
23.f5 Qd7 24.Nd4 gxf5 25.Bh3 Bg6 26.Ne6 Ne5 27.Bg2 Nac4 28.Nxg7 Kxg7 29.Bd4 Rac8
30.Qf4 b5 31.Rab1 a6 32.a4 Nd6 33.axb5 axb5 34.Bf1 b4 35.Rxe5 bxc3 36.Rxe8 Nxe8
37.Rc1 Qxd5 38.Bxc3 Qd7 39.h4 Kg8 40.Qe3 Bf7 41.Kh2 Qe6 42.Re1 Qxe3 43.Rxe3 Kg7
44.Ba6 Ra8 45.Bd3 Nd6 46.Bb4 Ra2+ 47.Re2  1/2-1/2

[Event "Chinese League"]
[Site "Qingdao CHN"]
[Date "2011.10.27"]
[Round "14"]
[White "Ju Wenjun"]
[Black "Nie,X"]
[Result "1-0"]
[WhiteElo "2519"]
[BlackElo "1970"]

1.Nf3 d5 2.g3 c6 3.Bg2 Nf6 4.O-O Bf5 5.d3 Nbd7 6.c4 e6 7.cxd5 cxd5 8.Nc3 Be7
9.h3 h6 10.Nd4 Bg6 11.e4 dxe4 12.dxe4 Nc5 13.e5 Nfe4 14.Nxe4 Bxe4 15.Bxe4 Nxe4
16.Qa4+ Qd7 17.Qxd7+ Kxd7 18.Rd1 Bc5 19.f3 Ng5 20.Be3 Bxd4 21.Rxd4+ Ke7 22.Kg2 Rac8
23.Rad1 Rc2+ 24.Bf2 Rc7 25.f4 Nh7 26.g4 f6 27.Re1 b6 28.Rd2 Rhc8 29.exf6+ gxf6
30.Kf3 Rc2 31.Rde2 Rxe2 32.Rxe2 Rc4 33.h4 Nf8 34.f5 e5 35.Be3 h5 36.gxh5 Rxh4
37.h6 Rh3+ 38.Ke4 Rh4+ 39.Kd5 Rh3 40.Bd2 Kd7 41.Rg2 Rd3+ 42.Kc4 Rd4+ 43.Kb3 Kc6
44.Bb4 Nh7 45.Rg7 a5 46.Be7 e4 47.Rxh7 Rd7 48.Rg7 e3 49.Bxf6 e2 50.Bc3 Rd3
51.Re7  1-0

[Event "29th Muensterland Open"]
[Site "Senden GER"]
[Date "2011.10.27"]
[Round "8.2"]
[White "Podzielny,KH"]
[Black "Torres Kuckel,R"]
[Result "1-0"]
[WhiteElo "2470"]
[BlackElo "2243"]

1.Nf3 d5 2.g3 Nf6 3.Bg2 Bf5 4.c4 c6 5.b3 e6 6.O-O h6 7.Bb2 Nbd7 8.d3 Bc5
9.Nbd2 O-O 10.Rc1 Qe7 11.Rc2 Rfe8 12.Qc1 Bd6 13.a3 e5 14.cxd5 cxd5 15.Nh4 Bh7
16.Bh3 e4 17.dxe4 dxe4 18.e3 b5 19.Nf5 Bxf5 20.Bxf5 Be5 21.Bh3 Rad8 22.Bg2 Bxb2
23.Qxb2 Nc5 24.Qc3 Nd3 25.Qa5 Rd5 26.Qa6 Red8 27.b4 R8d6 28.Qc8+ Rd8 29.Qc3 R5d6
30.Nb3 Nd5 31.Qa1 Ra6 32.Na5 Rdd6 33.Rd1 Kh7 34.Rcd2 f5 35.Bf1 Nf6 36.Bxd3 exd3
37.Rxd3 Ng4 38.Qb1  1-0

[Event "33rd Arco Open"]
[Site "Arco ITA"]
[Date "2011.10.28"]
[Round "7"]
[White "Wagner,Frank"]
[Black "Savarese,V"]
[Result "1/2-1/2"]
[WhiteElo "1910"]
[BlackElo "1805"]

1.Nf3 d5 2.g3 Nf6 3.Bg2 e6 4.O-O Be7 5.d3 O-O 6.Nbd2 Nbd7 7.c4 c6 8.Rb1 a5
9.a3 a4 10.d4 Qc7 11.Re1 e5 12.dxe5 Nxe5 13.Nxe5 Qxe5 14.Nf3 Qh5 15.cxd5 cxd5
16.Bg5 h6 17.Bxf6 Bxf6 18.Nd4 Bd7 19.Rc1 Rac8 20.Qd3 Bc6 21.e3 Rfe8 22.Rc2 Qg4
23.h3 Qd7 24.Rec1 g6 25.Kh2 Qd6 26.Nb5 Qe5 27.Na7 Rc7 28.Nxc6 bxc6 29.Rxc6 Rxc6
30.Rxc6 Qxb2 31.Rc2 Qb3 32.Rd2 Rc8 33.Bxd5 Qxd3 34.Rxd3 Rc3 35.Rxc3 Bxc3
36.Bc6 Bb2 37.Bxa4 Bxa3 38.Kg2 Kg7 39.f4 f6  1/2-1/2

[Event "6th Kavalier Open"]
[Site "Vienna AUT"]
[Date "2011.10.28"]
[Round "5"]
[White "Hirsch,Ad"]
[Black "Teichmeister,S"]
[Result "1/2-1/2"]
[WhiteElo "2065"]
[BlackElo "2044"]

1.Nf3 d5 2.g3 Nf6 3.Bg2 e6 4.c4 c6 5.Qc2 Nbd7 6.O-O Be7 7.b3 O-O 8.Bb2 b6
9.d4 Bb7 10.Nbd2 Rc8 11.Rac1 c5 12.Qb1 dxc4 13.Nxc4 Be4 14.Qa1 cxd4 15.Nxd4 Bxg2
16.Kxg2 Nc5 17.f3 Qd5 18.Rfd1 Qg5 19.f4 Qg6 20.f5 Qg4 21.Qb1 Nd5 22.Nf3 Nf4+
23.Kf2 Ne4+ 24.Qxe4 Nh3+ 25.Ke3 Qxe4+ 26.Kxe4 Nf2+ 27.Kf4 Nxd1 28.Rxd1 exf5
29.Rd7 Bc5 30.Nfe5 f6 31.Nd3  1/2-1/2

[Event "Banicky kahanec 2011"]
[Site "Zajezova SVK"]
[Date "2011.10.28"]
[Round "6"]
[White "Markos,J"]
[Black "Straka,Jos"]
[Result "1/2-1/2"]
[WhiteElo "2596"]
[BlackElo "2299"]

1.Nf3 d5 2.g3 c6 3.Bg2 Bg4 4.O-O Nd7 5.d3 e5 6.h3 Bh5 7.e4 dxe4 8.dxe4 Ngf6
9.Qe1 Qc7 10.Nbd2 Be7 11.Nh4 Bg6 12.Nc4 Nb6 13.Ne3 Nfd7 14.Nhf5 Bf6 15.a4 O-O
16.a5 Nc8 17.a6 b6 18.Qc3 Bxf5 19.exf5 Ne7 20.Ra4 Rac8 21.Qa3 Rfd8 22.Qa2 b5
23.Ra3 Nb6 24.Ng4 Nxf5 25.Nxf6+ gxf6 26.f4 Nc4 27.fxe5  1/2-1/2

[Event "33rd Arco Open"]
[Site "Arco ITA"]
[Date "2011.10.29"]
[Round "8"]
[White "Roessner,U"]
[Black "Nanni,S"]
[Result "0-1"]
[WhiteElo "1909"]
[BlackElo "1688"]

1.Nf3 d5 2.g3 g6 3.Bg2 Bg7 4.O-O e5 5.d3 Ne7 6.Nbd2 O-O 7.c4 c6 8.Qc2 Na6
9.a3 f5 10.e4 f4 11.Rb1 Be6 12.b4 Rc8 13.Bb2 d4 14.c5 Qc7 15.Ng5 Bf7 16.Nxf7 Rxf7
17.Bh3 Kh8 18.Nc4 Rcf8 19.Nd6 Rf6 20.Bc1 g5 21.Bg4 Ng8 22.Nf5 Nh6 23.Nxh6 Rxh6
24.Bd2 Rhf6 25.Rfc1 Qf7 26.Be1 h5 27.Bh3 g4 28.Bf1 fxg3 29.hxg3 h4 30.Rb2 Bh6
31.Rcb1 hxg3 32.Bg2 gxf2+ 33.Bxf2 Rxf2 34.Qd1 Be3 35.Kh2 Qf4+ 36.Kh1 Qh6+  0-1

[Event "15th OIBM"]
[Site "Bad Wiessee GER"]
[Date "2011.10.29"]
[Round "1.43"]
[White "Weber,U"]
[Black "Zadlo,Mi"]
[Result "1/2-1/2"]
[WhiteElo "2406"]
[BlackElo "2069"]

1.Nf3 d5 2.g3 c5 3.Bg2 Nc6 4.O-O Nf6 5.d3 e6 6.Nbd2 Bd6 7.e4 O-O 8.Re1 Qc7
9.c3 Rd8 10.Qe2 dxe4 11.dxe4 e5 12.Nc4 Be7 13.a4 Be6 14.Ng5 Bxc4 15.Qxc4 Bf8
16.Qa2 Na5 17.b3 c4 18.b4 Nb3 19.Rb1 Rd3 20.Qc2 Nxc1 21.Qxc1 h6 22.Nh3 Rad8
23.Bf1 Rd2 24.Rb2 R2d6 25.a5 b5 26.axb6 axb6 27.Ra2 b5 28.f3 Nd7 29.Nf2 Nb6
30.Ng4 Qe7 31.Ra5 Qe8 32.Be2 h5 33.Ne3 g6 34.Nc2 Ra8 35.Rxa8 Qxa8 36.Rd1 Qd8
37.Na3 Na4 38.Rxd6 Qxd6 39.Kf1 Qd7 40.Ke1 Qh3 41.Nxb5 Qxh2 42.Qg5 Nb2 43.Nc7 Kh7
44.Nd5 Bh6 45.Nf6+ Kg7 46.Ne8+ Kh7 47.Nf6+  1/2-1/2

[Event "50th TCh-DEN XtraCon 2011-12"]
[Site "Denmark DEN"]
[Date "2011.10.29"]
[Round "1.6"]
[White "Pedersen,F"]
[Black "Jakobsen,P"]
[Result "1/2-1/2"]
[WhiteElo "2285"]
[BlackElo "2230"]

1.Nf3 d5 2.g3 c6 3.Bg2 Bg4 4.O-O Nd7 5.d3 Ngf6 6.Nbd2 e5 7.h3 Bh5 8.e4 dxe4
9.Nxe4 Nxe4 10.dxe4 Bc5 11.Bd2 O-O 12.b4 Bb6 13.Bc3 Qe7 14.Qe1 Rfe8 15.Rd1 f6
16.a4 a6 17.Kh2 Rad8 18.Rd3 Nf8 19.Rxd8 Rxd8 20.Nd2 Ne6 21.Bf3 Bf7 22.Nb3 Ng5
23.Bg4 h5 24.Bd1 Qe6 25.g4 Qc4 26.Bd2 Nxe4 27.Be3 Bxe3 28.fxe3 hxg4 29.hxg4 Nc3
30.Bf3 Nxa4 31.Rf2 Qc3 32.Qxc3 Nxc3 33.Nc5 e4 34.Bg2 Bd5 35.Nxb7 Rb8 36.Nc5 Rxb4
37.Nxa6 Rb1 38.Kg3 Nd1 39.Rf4 Nxe3 40.Bxe4 Bxe4 41.Rxe4 Nxc2 42.Rc4 Rb6 43.Nc5 Ne3
44.Rc3 Nd5 45.Rc1 Ne7 46.Ra1 Rb5 47.Ne4 Rd5 48.Ra7 Kf7 49.Kf3 Ke6 50.Ke3 g6
51.Kf4 Rb5 52.Kf3 Nd5 53.Ra6 Ne7 54.Ra7 g5 55.Rc7 Ra5 56.Kf2 Ra3 57.Kg2 Re3
58.Ng3 Re5 59.Kf3 Kd5 60.Rd7+ Ke6 61.Rc7 Kd6 62.Ra7 f5 63.gxf5 Nxf5 64.Ne4+ Kd5
65.Ra5+ Kd4 66.Rxe5 Kxe5 67.Nxg5 Kd4 68.Ne6+ Kc4 69.Ke4 Nd6+ 70.Ke5 Nb5 71.Nd8 c5
72.Ne6 Nd4 73.Nxc5 Kxc5 74.Kf6  1/2-1/2

[Event "Frauenbundesliga 2011-12"]
[Site "Germany GER"]
[Date "2011.10.29"]
[Round "1.1"]
[White "Michna, Marta"]
[Black "Burchardt, Brigitte"]
[Result "1-0"]
[WhiteElo "2396"]
[BlackElo "2224"]

1.Nf3 d5 2.g3 Nf6 3.Bg2 g6 4.d3 Bg7 5.O-O O-O 6.c3 c6 7.Qc2 Nbd7 8.e4 dxe4
9.dxe4 e5 10.Nbd2 b6 11.Re1 Qc7 12.Bf1 Nc5 13.b4 Ne6 14.a4 c5 15.b5 Bb7 16.Nc4 Nd7
17.Ne3 Nf6 18.Nc4 Nd7 19.Bh3 Rae8 20.a5 bxa5 21.Rxa5 Nb6 22.Ne3 Nc8 23.Ra4 Nd6
24.Rxa7 Nxb5 25.Ra1 Nd6 26.Nd5 Qd8 27.Rd1 Bxd5 28.Rxd5 Qc7 29.Ra6 Nb7 30.Qa4 c4
31.Rc6 Qe7 32.Ba3 Qf6 33.Nxe5 Ra8 34.Qb4 Nbd8 35.Rb6 Re8 36.Qb2 Qg5 37.Nxf7 Qf6
38.Nxd8 Raxd8 39.Bxe6+ Kh8 40.Rxd8 Rxd8 41.Rb8  1-0

[Event "8th Lippe Cup"]
[Site "Lieme GER"]
[Date "2011.10.29"]
[Round "2.13"]
[White "Pollmann,S"]
[Black "Peters,Stepha"]
[Result "1/2-1/2"]
[WhiteElo "2030"]
[BlackElo "1913"]

1.Nf3 d5 2.g3 Nf6 3.Bg2 c6 4.d3 Nbd7 5.O-O e5 6.Nbd2 Bc5 7.e4 O-O 8.b3 Qc7
9.Bb2 b6 10.exd5 cxd5 11.c4 Bb7 12.cxd5 Bxd5 13.Rc1 Qb7 14.Nc4 Rfe8 15.d4 exd4
16.Bxd4 Rad8 17.Ne3 Be4  1/2-1/2